000 00543nam a2200181Ia 4500
003 GCL
008 140319s9999 xx 000 0 ara d
040 _aGCL /
_cGCL
082 0 4 _a816.07
_bا م
100 1 _aاحمد بهاءالدين
245 1 0 _aمختارات من رسائل نهرو الى انديرا /
_cاحمد بهاءالدين
300 _a176 ص
490 _aكتاب الهلال
_v0
650 0 4 _aالادب العربى
650 0 4 _aالمراسلات
650 0 4 _aالرسائل الادبية
942 _2ddc
_cBK
999 _c50647
_d50647